00409nam a2200157Ia 4500008004100000100001400041245003700055260001200092260001100104260000900115300000700124650001700131942000900148999001500157952007900172160226s9999 xx 000 0 und d10aThomas,N. aMode of Action of Antioxidents31 aColombo bIchemc c2015 a31 aAntioxidants cbook c3231d3231 0010708NFICaICbICcGENd2016-02-26l0pS0086r2016-02-26 00:00:00yDIS